Valores, intereses y personalidad de los alumnos de la Licenciatura en Administración de la Universidad Autónoma del Estado de México (Record no. 202978)

MARC details
000 -CABECERA
campo de control de longitud fija 02782nab a2200301 a 4500
005 - FECHA Y HORA DE LA ÚLTIMA TRANSACCIÓN
campo de control 20210219163857.0
008 - ELEMENTOS DE LONGITUD FIJA--INFORMACIÓN GENERAL
campo de control de longitud fija 991125s1985 mx 000 0 spa u
035 ## - NÚMERO DE CONTROL DEL SISTEMA
Número de control de sistema UPN01000230883
049 ## - COLECCIÓN
Colección ART-E
100 1# - ASIENTO PRINCIPAL--NOMBRE PERSONAL
Nombre de persona García López, Irma Eugenia
Enlace - galiuemex@gmail.com
222 #0 - TÍTULO CLAVE
Título clave RIDE : REVISTA IBEROAMERICANA PARA LA INVESTIGACION Y EL DESARROLLO EDUCATIVO
245 00 - MENCIÓN DE TÍTULO
Título Valores, intereses y personalidad de los alumnos de la Licenciatura en Administración de la Universidad Autónoma del Estado de México
260 ## - PUBLICACIÓN, DISTRIBUCIÓN, ETC.
Lugar de publicación, distribución, etc. México
300 ## - DESCRIPCIÓN FÍSICA
Extensión 1-25
362 0# - FECHAS DE PUBLICACIÓN Y/O DESIGNACIÓN SECUENCIAL
Fecha de publicación y/o designación secuencial 2018, Vol. 8, no. 16
336 ## - TIPO DE CONTENIDO
Término de tipo de contenido texto$2rdacontent
337 ## - TIPO DE MEDIO
Nombre/término del tipo de medio computadora$2rdamedia
338 ## - TIPO DE SOPORTE
Nombre/término del tipo de soporte recurso en linea$2rdacarrier
520 3# - NOTA DE RESUMEN, ETC.
Sumario, etc. Este artículo versa sobre la relación que coexiste entre los valores, los intereses y la personalidad de los alumnos de la Licenciatura en Administración (LA) de la Facultad de Contaduría y Administración de la Universidad Autónoma del Estado de México (UAEMéx). El principal objetivo fue caracterizar los tipos de personalidad de los estudiantes en función de sus valores dominantes. Y para ello se empleó la teoría y el cuestionario de Allport.Los participantes de la investigación fueron 51 estudiantes (varones y mujeres) de la LA de la Facultad de Contaduría y Administración, ciclo escolar 2016-2017, semestre 2017-B, con un promedio de edad de 21 años y con un intervalo de 19 a 21 años. El estudio fue descriptivo, con enfoque cuantitativo; asimismo, se aplicó un instrumento, el cual codificó información sobre las puntuaciones para varones y mujeres, con base en la escala Allport.Los resultados permitieron determinar la jerarquía de valores, el perfil axiológico y los intereses dominantes de la personalidad de los educandos. En las mujeres, el valor teórico resultó en que 95 % son analíticas, racionales y críticas. Para el valor económico, 90 % demostró ser pragmáticas. Las cifras del valor estético reportaron que 95 % no tiene interés estético. El valor social mostró cierta preferencia hacia las relaciones sociales. El valor político resultó equilibrado en cuanto a intereses entre las clases altas y bajas. Con relación al valor religioso, reveló que 95% de ellas no tienen apego religioso.De forma análoga, los resultados de los estudiantes varones reflejaron los intereses dominantes de su personalidad. El valor teórico mostró que 55 % posee personalidad lógica y racional.
653 0# - TERMINO DE INDIZACION - NO CONTROLADO
Término no controlado VALORES
653 0# - TERMINO DE INDIZACION - NO CONTROLADO
Término no controlado PERSOANALIDAD
653 0# - TERMINO DE INDIZACION - NO CONTROLADO
Término no controlado TEST DE ALLPORT
653 0# - TERMINO DE INDIZACION - NO CONTROLADO
Término no controlado ESTUDIANTES DE ADMINISTRACION
856 4# - LOCALIZACIÓN Y ACCESO ELECTRÓNICOS
Identificador Uniforme del Recurso <a href="http://www.ride.org.mx/index.php/RIDE/article/view/349/1629">http://www.ride.org.mx/index.php/RIDE/article/view/349/1629</a>
856 4# - LOCALIZACIÓN Y ACCESO ELECTRÓNICOS
Identificador Uniforme del Recurso <a href="https://doi.org/10.23913/ride.v8i16.349">https://doi.org/10.23913/ride.v8i16.349</a>
905 ## - TIPO DE MATERIAL
Tipo de material Articulo

No items available.